01871nam a2200229 a 450000500170000000800410001704000250005804100080008304400070009110000380009824501590013626001550029530000320045050002520048250507510073465000150148565000270150065000230152765000380155070000260158870000270161420200104041615.0131112b2009 ck ||||| |||| 00| 0 spa d aCO-BoIAVHcCO-BoIAVH aspa ack1 aSánchez-Chaparral, Maria Andrea1 aCalendarios florales apícolas a partir de la dentificación de la oferta floral en los municipios de Caldono y Santander de Quilichao, Cauca - Colombia aPopayánbInstitución Universitaria Tecnológica de ComfacaucabInstituto de Investigación de Recursos Biológicos Alexander von Humboldtc2009 a232 p.bil., tablasc28 cm. aContrato No. 08-07-439-0163FN Proyecto determinacion de la oferta floral apicula como mecanismo para optimizar producción, diferenciar productos de la colmena y mejorar la competitividad Informe final - trabajo de grado de tecnólogo ambiental aAnexo 1 Calendarios florales apícolas para los municipios de Caldono y Santander de Quilichao -- Anexo 2. Calendarios florales a partir de la identificación de la oferta floral en los municipios de Caldono y Santander de Quilichao / Maria Andrea Sánchez Chaparral -- Anexo 3. Caracterización de flora asociada a la producción de miel y polen, en los bosques situados en la vereda Agua Blanca en el municipio de Santander de Quilichao y en la vereda ventanas en el municipio de Caldono, departamento del Cauca - Colombia / Diana Lucía Toro Henao -- Anexo 4. Pasantía desarrollo del sistema de información para el fortalecimiento de la cadena apícola del departamento del Cauca / Ana María Anacona, Leidy Johanna Herrera Giraldo aApicultura aProducción apícola aEspecies vegetales aFlora melíferaxinvestigaciones aBonilla, Blanca Lilia aForero Bautista, Edgar